[Event "DEM U18 2018"]
[Site "Willingen GER"]
[Date "2018.05.20"]
[Round "2"]
[White "Schlick, Stefan"]
[Black "Fieberg, Samuel"]
[Result "0-1"]
[Termination "normal"]
[Board "10"]
[BlackTitle "FM"]
[WhiteElo "1970"]
[BlackElo "2248"]
[WhiteClock "00:01:57"]
[BlackClock "00:08:27"]
[PlyCount "112"]
[WhiteFideId "16211332"]
[BlackFideId "12901717"]
[EventCountry "GER"]
[EventRounds "9"]
[EventType "swiss"]
[EventDate "2018.05.19"]

1. d4 {[%clk 1:30:57]} 1... d5 {[%clk 1:30:56]} 2. c4 {[%clk 1:31:20]} 2... c6
{[%clk 1:31:22]} 3. Nc3 {[%clk 1:31:38]} 3... Nf6 {[%clk 1:31:43]} 4. cxd5 {
[%clk 1:30:18]} 4... cxd5 {[%clk 1:32:05]} 5. Bf4 {[%clk 1:30:44]} 5... Nc6 {
[%clk 1:31:35]} 6. e3 {[%clk 1:29:21]} 6... e6 {[%clk 1:31:29]} 7. Bd3 { [%clk
1:28:17]} 7... Be7 {[%clk 1:28:26]} 8. h3 {[%clk 1:28:04]} 8... O-O { [%clk
1:27:40]} 9. Nf3 {[%clk 1:28:24]} 9... Bd7 {[%clk 1:24:55]} 10. O-O { [%clk
1:26:19]} 10... Nh5 {[%clk 1:24:42]} 11. Bh2 {[%clk 1:25:54]} 11... f5 { [%clk
1:25:06]} 12. Ne5 {[%clk 1:24:02]} 12... Nf6 {[%clk 1:25:17]} 13. Rc1 { [%clk
1:22:33]} 13... Rc8 {[%clk 1:06:32]} 14. Nxc6 {[%clk 1:14:40]} 14... Bxc6
{[%clk 1:06:34]} 15. Qe2 {[%clk 1:02:23]} 15... a6 {[%clk 1:03:45]} 16. Rc2 {
[%clk 1:00:37]} 16... Kh8 {[%clk 0:59:30]} 17. Rfc1 {[%clk 0:53:03]} 17... Qd7
{[%clk 0:58:36]} 18. Be5 18... g5 {[%clk 0:51:34]} 19. f4 {[%clk 0:46:24]}
19... Rg8 {[%clk 0:49:58]} 20. Nb1 {[%clk 0:45:05]} 20... gxf4 {[%clk 0:45:39]}
21. exf4 {[%clk 0:43:32]} 21... h6 {[%clk 0:41:14]} 22. Nd2 {[%clk 0:40:21]}
22... Kh7 {[%clk 0:41:08]} 23. Bxf6 {[%clk 0:36:55]} 23... Bxf6 {[%clk 0:41:33]
} 24. Nf3 {[%clk 0:37:19]} 24... Rg3 {[%clk 0:41:22]} 25. Kh2 {[%clk 0:29:54]}
25... Rcg8 {[%clk 0:38:23]} 26. Ng5+ {[%clk 0:25:31]} 26... Bxg5 { [%clk
0:29:57]} 27. Kxg3 {[%clk 0:13:28]} 27... Qd6 {[%clk 0:24:59]} 28. Kh2 { [%clk
0:06:25]} 28... Bxf4+ {[%clk 0:21:38]} 29. Kh1 {[%clk 0:06:51]} 29... Bxc1
{[%clk 0:21:10]} 30. Rxc1 {[%clk 0:07:12]} 30... Bd7 {[%clk 0:14:39]} 31. Qe5
{[%clk 0:03:57]} 31... Qxe5 {[%clk 0:08:44]} 32. dxe5 {[%clk 0:04:26]} 32...
Bc6 {[%clk 0:08:07]} 33. Bxa6 {[%clk 0:04:22]} 33... d4 {[%clk 0:08:16]} 34.
Bf1 {[%clk 0:04:02]} 34... Be4 {[%clk 0:05:35]} 35. Rd1 {[%clk 0:03:35]} 35...
Rd8 {[%clk 0:04:38]} 36. Kg1 {[%clk 0:02:42]} 36... d3 {[%clk 0:01:55]} 37. Rd2
37... f4 {[%clk 0:01:51]} 38. g4 {[%clk 0:01:01]} 38... fxg3 { [%clk 0:01:30]}
39. Bg2 {[%clk 0:01:22]} 39... Bf5 {[%clk 0:00:50]} 40. Bxb7 { [%clk 0:01:12]}
40... Bxh3 {[%clk 0:00:34]} 41. Be4+ {[%clk 0:25:52]} 41... Bf5 {[%clk
0:29:21]} 42. Bxf5+ {[%clk 0:25:54]} 42... exf5 {[%clk 0:29:46]} 43. Kg2 {[%clk
0:19:02]} 43... f4 {[%clk 0:29:25]} 44. e6 {[%clk 0:17:43]} 44... Kg6 { [%clk
0:28:51]} 45. e7 {[%clk 0:16:52]} 45... Re8 {[%clk 0:29:11]} 46. Kf3 { [%clk
0:15:57]} 46... Kf5 {[%clk 0:21:10]} 47. Rxd3 {[%clk 0:16:16]} 47... Rxe7
{[%clk 0:21:36]} 48. a4 {[%clk 0:09:50]} 48... Re1 {[%clk 0:16:49]} 49. Rd5+ {
[%clk 0:09:57]} 49... Re5 {[%clk 0:16:32]} 50. Rd3 {[%clk 0:06:33]} 50... h5 {
[%clk 0:15:58]} 51. a5 {[%clk 0:06:55]} 51... Rxa5 {[%clk 0:10:10]} 52. Rd4 {
[%clk 0:07:15]} 52... Kg5 {[%clk 0:10:14]} 53. Rd8 {[%clk 0:02:53]} 53... Rb5 {
[%clk 0:07:23]} 54. Rd2 {[%clk 0:01:44]} 54... Rb3+ {[%clk 0:07:42]} 55. Kg2 {
[%clk 0:02:00]} 55... Kg4 {[%clk 0:08:06]} 56. Kg1 {[%clk 0:01:57]} 56... h4 {
[%clk 0:08:27]} 0-1

[Event "DEM U18 2018"]
[Site "Willingen GER"]
[Date "2018.05.20"]
[Round "2"]
[White "Schmohel, Andreas"]
[Black "Mätzkow, Maximilian Paul"]
[Result "1/2-1/2"]
[Termination "normal"]
[Board "11"]
[WhiteElo "1782"]
[BlackElo "2171"]
[WhiteClock "00:14:39"]
[BlackClock "00:49:38"]
[PlyCount "117"]
[WhiteFideId "16228006"]
[BlackFideId "24679933"]
[EventCountry "GER"]
[EventRounds "9"]
[EventType "swiss"]
[EventDate "2018.05.19"]

1. d4 {[%clk 1:30:51]} 1... Nf6 {[%clk 1:30:56]} 2. c4 {[%clk 1:31:17]} 2... e6
{[%clk 1:31:24]} 3. Nc3 {[%clk 1:31:41]} 3... Bb4 {[%clk 1:31:51]} 4. e3 {
[%clk 1:32:06]} 4... O-O {[%clk 1:31:12]} 5. Bd3 {[%clk 1:32:27]} 5... d5 {
[%clk 1:31:07]} 6. Nf3 {[%clk 1:32:50]} 6... c5 {[%clk 1:28:52]} 7. O-O { [%clk
1:32:49]} 7... cxd4 {[%clk 1:27:45]} 8. exd4 {[%clk 1:33:05]} 8... dxc4 { [%clk
1:22:44]} 9. Bxc4 {[%clk 1:33:24]} 9... Nbd7 {[%clk 1:22:58]} 10. Bg5 { [%clk
1:31:36]} 10... h6 {[%clk 1:22:57]} 11. Bh4 {[%clk 1:31:11]} 11... Nb6 { [%clk
1:21:55]} 12. Bd3 {[%clk 1:28:52]} 12... Nbd5 {[%clk 1:08:07]} 13. Nxd5 { [%clk
1:22:55]} 13... Qxd5 {[%clk 1:06:58]} 14. Bxf6 {[%clk 1:20:01]} 14... gxf6
{[%clk 1:06:07]} 15. Qe2 {[%clk 1:20:06]} 15... Bd6 {[%clk 1:00:20]} 16. Qe3
{[%clk 1:14:38]} 16... Kg7 {[%clk 0:59:27]} 17. Rfd1 {[%clk 1:05:25]} 17... Bd7
{[%clk 0:50:45]} 18. Qe4 Qxe4 19. Bxe4 {[%clk 1:00:38]} 19... f5 20. Bd3 {
[%clk 0:56:37]} 20... Bc6 {[%clk 0:49:25]} 21. Ne5 {[%clk 0:53:35]} 21... Bd5 {
[%clk 0:47:21]} 22. Nc4 {[%clk 0:46:10]} 22... Rfd8 {[%clk 0:45:09]} 23. Ne3 {
[%clk 0:40:14]} 23... Be7 {[%clk 0:44:36]} 24. Nxd5 {[%clk 0:31:24]} 24... Rxd5
{[%clk 0:42:58]} 25. Be2 {[%clk 0:25:37]} 25... Rad8 {[%clk 0:42:03]} 26. Bf3 {
[%clk 0:25:05]} 26... Rxd4 {[%clk 0:41:56]} 27. Rxd4 {[%clk 0:25:19]} 27...
Rxd4 {[%clk 0:42:20]} 28. Rd1 {[%clk 0:25:41]} 28... Ra4 {[%clk 0:41:54]} 29.
Rd7 {[%clk 0:23:48]} 29... Rxa2 {[%clk 0:40:35]} 30. g3 {[%clk 0:23:25]} 30...
Bc5 {[%clk 0:38:59]} 31. Rxb7 {[%clk 0:22:47]} 31... Kg6 {[%clk 0:27:38]} 32.
Bc6 {[%clk 0:22:08]} 32... Bb6 {[%clk 0:27:39]} 33. Be8 {[%clk 0:21:31]} 33...
Rxb2 {[%clk 0:27:49]} 34. Rxf7 {[%clk 0:20:50]} 34... Bxf2+ {[%clk 0:26:13]}
35. Kf1 {[%clk 0:09:07]} 35... Rb8 {[%clk 0:25:22]} 36. Rf8+ {[%clk 0:06:16]}
36... Kg7 {[%clk 0:25:17]} 37. Rf7+ {[%clk 0:06:40]} 37... Kg8 {[%clk 0:24:55]}
38. Kxf2 {[%clk 0:06:01]} 38... Rxe8 {[%clk 0:25:21]} 39. Rxa7 {[%clk 0:06:24]}
39... e5 {[%clk 0:23:22]} 40. Ke3 {[%clk 0:05:04]} 40... Rf8 {[%clk 0:23:16]}
41. Ra5 {[%clk 0:01:01]} 41... e4 {[%clk 0:22:30]} 42. g4 {[%clk 0:00:44]}
42... fxg4 {[%clk 0:21:47]} 43. Kxe4 {[%clk 0:30:24]} 43... Kg7 {[%clk 0:49:46]
} 44. Rf5 {[%clk 0:25:25]} 44... Ra8 {[%clk 0:50:08]} 45. Kf4 {[%clk 0:25:02]}
45... Kg6 {[%clk 0:50:04]} 46. Rb5 {[%clk 0:23:27]} 46... Ra4+ {[%clk 0:49:58]}
47. Kg3 {[%clk 0:22:44]} 47... h5 {[%clk 0:49:25]} 48. Rb6+ {[%clk 0:22:39]}
48... Kg7 {[%clk 0:49:40]} 49. Rb5 {[%clk 0:22:45]} 49... Ra3+ {[%clk 0:50:06]}
50. Kg2 {[%clk 0:19:39]} 50... Rh3 {[%clk 0:50:31]} 51. Rb6 {[%clk 0:19:32]}
51... Rf3 {[%clk 0:50:43]} 52. Ra6 {[%clk 0:19:05]} 52... Rb3 {[%clk 0:49:54]}
53. Rc6 {[%clk 0:19:00]} 53... h4 {[%clk 0:48:24]} 54. Rc4 {[%clk 0:18:16]}
54... h3+ {[%clk 0:48:48]} 55. Kf2 {[%clk 0:14:15]} 55... Rb2+ {[%clk 0:48:54]}
56. Kg3 {[%clk 0:13:58]} 56... Rg2+ {[%clk 0:48:56]} 57. Kh4 {[%clk 0:14:04]}
57... Rxh2 {[%clk 0:49:12]} 58. Rxg4+ {[%clk 0:14:27]} 58... Kh6 { [%clk
0:49:38]} 59. Rg3 {[%clk 0:14:39]} 1/2-1/2

[Event "DEM U18 2018"]
[Site "Willingen GER"]
[Date "2018.05.20"]
[Round "2"]
[White "Woelk, Tom-Frederic"]
[Black "Heldt, Nils-Lennart"]
[Result "1-0"]
[Termination "normal"]
[Board "12"]
[WhiteElo "2176"]
[BlackElo "2070"]
[WhiteClock "00:08:20"]
[BlackClock "01:13:07"]
[PlyCount "63"]
[WhiteFideId "12993077"]
[BlackFideId "12952109"]
[EventCountry "GER"]
[EventRounds "9"]
[EventType "swiss"]
[EventDate "2018.05.19"]

1. e4 {[%clk 1:30:58]} 1... c6 {[%clk 1:30:53]} 2. Nc3 {[%clk 1:30:14]} 2... d5
{[%clk 1:31:17]} 3. d4 {[%clk 1:30:41]} 3... dxe4 {[%clk 1:31:34]} 4. Nxe4 {
[%clk 1:31:06]} 4... Bf5 {[%clk 1:31:52]} 5. Ng3 {[%clk 1:31:31]} 5... Bg6 {
[%clk 1:32:16]} 6. Nf3 {[%clk 1:31:49]} 6... Nd7 {[%clk 1:32:00]} 7. h4 { [%clk
1:32:00]} 7... h6 {[%clk 1:32:23]} 8. h5 {[%clk 1:30:38]} 8... Bh7 { [%clk
1:32:47]} 9. Bd3 {[%clk 1:31:06]} 9... Bxd3 {[%clk 1:33:11]} 10. Qxd3 { [%clk
1:31:31]} 10... e6 {[%clk 1:33:24]} 11. Bd2 {[%clk 1:27:43]} 11... Ngf6 { [%clk
1:33:28]} 12. O-O-O {[%clk 1:28:03]} 12... Be7 {[%clk 1:33:38]} 13. Kb1 { [%clk
1:22:04]} 13... O-O {[%clk 1:31:50]} 14. Ne4 {[%clk 1:04:45]} 14... Nxe4 {[%clk
1:31:08]} 15. Qxe4 {[%clk 1:04:58]} 15... Nf6 {[%clk 1:31:30]} 16. Qe2 { [%clk
1:05:22]} 16... Qd5 {[%clk 1:31:28]} 17. Ne5 {[%clk 0:57:40]} 17... Qe4 { [%clk
1:28:22]} 18. Be3 {[%clk 0:49:44]} 18... Nd5 {[%clk 1:24:17]} 19. Qd3 { [%clk
0:41:02]} 19... Qxd3 {[%clk 1:23:45]} 20. Rxd3 {[%clk 0:40:34]} 20... Nxe3
{[%clk 1:23:47]} 21. fxe3 {[%clk 0:40:22]} 21... Rad8 {[%clk 1:23:05]} 22. Rb3
{[%clk 0:39:44]} 22... Bd6 {[%clk 1:22:22]} 23. Rxb7 {[%clk 0:35:44]} 23...
Bxe5 {[%clk 1:22:08]} 24. dxe5 {[%clk 0:36:12]} 24... Rd5 25. Rxa7 { [%clk
0:33:56]} 25... Rxe5 {[%clk 1:21:12]} 26. Rh3 {[%clk 0:22:28]} 26... Rd8 {[%clk
1:20:53]} 27. b3 {[%clk 0:22:34]} 27... Rg5 {[%clk 1:20:51]} 28. Rc7 { [%clk
0:22:22]} 28... c5 {[%clk 1:15:57]} 29. a4 {[%clk 0:22:09]} 29... Kf8 { [%clk
1:13:46]} 30. Kb2 {[%clk 0:20:35]} 30... Ke8 {[%clk 1:13:50]} 31. Rf3 { [%clk
0:15:37]} 31... f6 {[%clk 1:13:07]} 32. Rf4 {[%clk 0:08:20]} 1-0

[Event "DEM U18 2018"]
[Site "Willingen GER"]
[Date "2018.05.20"]
[Round "2"]
[White "Zimmer, Luca"]
[Black "Weller, Uli"]
[Result "0-1"]
[Termination "normal"]
[Board "13"]
[WhiteElo "1633"]
[BlackElo "2062"]
[WhiteClock "00:30:30"]
[BlackClock "00:00:45"]
[PlyCount "59"]
[WhiteFideId "12921424"]
[BlackFideId "12971782"]
[EventCountry "GER"]
[EventRounds "9"]
[EventType "swiss"]
[EventDate "2018.05.19"]

1. e4 {[%clk 1:30:56]} 1... c5 {[%clk 1:30:53]} 2. Nc3 {[%clk 1:30:52]} 2... g6
{[%clk 1:31:12]} 3. f4 {[%clk 1:31:02]} 3... Bg7 {[%clk 1:31:11]} 4. Nf3 {
[%clk 1:31:15]} 4... Nc6 {[%clk 1:31:32]} 5. Bb5 {[%clk 1:31:06]} 5... Nd4 {
[%clk 1:31:40]} 6. O-O {[%clk 1:28:04]} 6... a6 {[%clk 1:31:39]} 7. Bd3 { [%clk
1:09:04]} 7... d6 {[%clk 1:31:02]} 8. Ne2 {[%clk 1:05:23]} 8... e5 { [%clk
1:23:30]} 9. Bc4 {[%clk 0:57:58]} 9... Be6 {[%clk 1:11:36]} 10. d3 { [%clk
0:53:39]} 10... Ne7 {[%clk 0:59:00]} 11. c3 {[%clk 0:39:25]} 11... Nxf3+ {[%clk
0:48:48]} 12. Rxf3 {[%clk 0:37:09]} 12... O-O {[%clk 0:41:30]} 13. Qe1 { [%clk
0:32:57]} 13... Qd7 {[%clk 0:27:57]} 14. Qh4 {[%clk 0:28:32]} 14... Bxc4 {[%clk
0:15:14]} 15. dxc4 {[%clk 0:27:14]} 15... f5 {[%clk 0:15:14]} 16. fxe5 { [%clk
0:19:06]} 16... dxe5 {[%clk 0:10:41]} 17. Bh6 {[%clk 0:14:13]} 17... Bxh6
{[%clk 0:08:28]} 18. Qxh6 {[%clk 0:14:28]} 18... fxe4 {[%clk 0:08:46]} 19.
Rxf8+ {[%clk 0:08:53]} 19... Rxf8 {[%clk 0:09:14]} 20. Qe3 {[%clk 0:09:06]}
20... Qd3 {[%clk 0:07:55]} 21. Qxd3 {[%clk 0:05:32]} 21... exd3 {[%clk 0:08:23]
} 22. Ng3 {[%clk 0:05:53]} 22... Rf4 {[%clk 0:06:31]} 23. Re1 {[%clk 0:05:23]}
23... e4 {[%clk 0:04:55]} 24. Nf1 {[%clk 0:01:12]} 24... Nf5 {[%clk 0:03:51]}
25. g3 {[%clk 0:00:39]} 25... Rxf1+ {[%clk 0:03:19]} 26. Kxf1 {[%clk 0:01:01]}
26... e3 {[%clk 0:00:44]} 27. Rb1 {[%clk 0:00:38]} 27... Nd6 {[%clk 0:00:33]}
28. Kg2 {[%clk 0:00:34]} 28... Nxc4 {[%clk 0:00:46]} 29. Kf3 {[%clk 0:00:43]}
29... e2 {[%clk 0:00:45]} 30. Kf2 {[%clk 0:30:30]} 0-1

[Event "DEM U18 2018"]
[Site "Willingen GER"]
[Date "2018.05.20"]
[Round "2"]
[White "Ortmeier, Leonhard"]
[Black "Focke, Adrian"]
[Result "1/2-1/2"]
[Termination "normal"]
[Board "14"]
[WhiteElo "2141"]
[BlackElo "1775"]
[WhiteClock "00:22:36"]
[BlackClock "00:22:14"]
[PlyCount "92"]
[WhiteFideId "12993662"]
[BlackFideId "12969869"]
[EventCountry "GER"]
[EventRounds "9"]
[EventType "swiss"]
[EventDate "2018.05.19"]

1. e4 c5 2. Nf3 e6 3. b3 d6 4. Bb2 {[%clk 1:29:09]} 4... Nf6 {[%clk 1:28:22]}
5. Bb5+ {[%clk 1:26:58]} 5... Bd7 {[%clk 1:26:45]} 6. Bxd7+ {[%clk 1:26:26]}
6... Nbxd7 7. Qe2 {[%clk 1:26:35]} 7... Be7 {[%clk 1:24:32]} 8. O-O { [%clk
1:26:21]} 8... O-O {[%clk 1:24:36]} 9. c3 {[%clk 1:23:49]} 9... Ne5 { [%clk
1:16:14]} 10. d4 {[%clk 1:21:59]} 10... cxd4 {[%clk 1:11:43]} 11. Nxd4 { [%clk
1:21:03]} 11... Qc7 {[%clk 1:09:18]} 12. c4 {[%clk 1:20:44]} 12... a6 { [%clk
1:06:33]} 13. Nc3 {[%clk 1:21:01]} 13... Rfe8 {[%clk 1:04:52]} 14. Rac1 { [%clk
1:20:25]} 14... Rad8 {[%clk 1:04:52]} 15. Qd2 {[%clk 1:19:39]} 15... b6 { [%clk
1:00:40]} 16. Rfe1 {[%clk 1:18:30]} 16... Qb7 {[%clk 0:59:12]} 17. h3 { [%clk
1:08:12]} 17... Ned7 {[%clk 0:55:26]} 18. f4 {[%clk 1:04:06]} 18... Nc5 { [%clk
0:52:48]} 19. Qe3 {[%clk 1:01:16]} 19... h6 {[%clk 0:42:32]} 20. b4 { [%clk
0:55:56]} 20... Ncd7 {[%clk 0:42:00]} 21. b5 {[%clk 0:55:20]} 21... Bf8 { [%clk
0:35:23]} 22. Qf3 {[%clk 0:50:41]} 22... Nc5 {[%clk 0:31:11]} 23. Nc6 { [%clk
0:49:46]} 23... Rc8 {[%clk 0:30:35]} 24. e5 {[%clk 0:49:31]} 24... dxe5 { [%clk
0:30:34]} 25. fxe5 {[%clk 0:49:53]} 25... Nfd7 {[%clk 0:27:53]} 26. Ne2 { [%clk
0:38:49]} 26... Nb8 {[%clk 0:25:08]} 27. Ned4 {[%clk 0:38:43]} 27... Nxc6
{[%clk 0:25:31]} 28. Nxc6 {[%clk 0:38:55]} 28... Rc7 {[%clk 0:24:39]} 29. Rf1 {
[%clk 0:38:22]} 29... Rd7 {[%clk 0:23:27]} 30. Rcd1 {[%clk 0:36:00]} 30... axb5
{[%clk 0:17:32]} 31. cxb5 {[%clk 0:36:14]} 31... Rc8 {[%clk 0:17:57]} 32. Bc1 {
[%clk 0:32:53]} 32... Rcc7 {[%clk 0:15:57]} 33. Qg4 {[%clk 0:28:40]} 33... Kh8
{[%clk 0:15:07]} 34. Nd8 {[%clk 0:18:08]} 34... Qe4 {[%clk 0:12:34]} 35. Rxd7 {
[%clk 0:15:10]} 35... Qxg4 36. Nxf7+ Kg8 37. Rxc7 Qd4+ 38. Kh2 38... Nd3 {
[%clk 0:07:05]} 39. Bd2 {[%clk 0:03:28]} 39... Nxe5 {[%clk 0:02:59]} 40. Nxe5 {
[%clk 0:03:07]} 40... Qxe5+ {[%clk 0:02:30]} 41. Bf4 {[%clk 0:03:18]} 41...
Qxb5 {[%clk 0:00:59]} 42. Rf2 {[%clk 0:01:47]} 42... Bc5 {[%clk 0:27:25]} 43.
Rd2 {[%clk 0:32:33]} 43... Qf1 {[%clk 0:24:45]} 44. Bxh6 {[%clk 0:22:02]} 44...
gxh6 {[%clk 0:23:43]} 45. Rd8+ {[%clk 0:22:11]} 45... Bf8 {[%clk 0:24:05]} 46.
Rcc8 {[%clk 0:22:36]} 46... Qf4+ {[%clk 0:22:14]} 1/2-1/2

[Event "DEM U18 2018"]
[Site "Willingen GER"]
[Date "2018.05.21"]
[Round "3"]
[White "Lagunow, Raphael"]
[Black "Parvanyan, Ashot"]
[Result "1/2-1/2"]
[Termination "normal"]
[Board "1"]
[WhiteTitle "FM"]
[BlackTitle "FM"]
[WhiteElo "2387"]
[BlackElo "2413"]
[WhiteClock "00:00:40"]
[BlackClock "00:01:57"]
[PlyCount "73"]
[WhiteFideId "24652644"]
[BlackFideId "13307550"]
[EventCountry "GER"]
[EventRounds "9"]
[EventType "swiss"]
[EventDate "2018.05.19"]

1. e4 {[%clk 1:30:58]} 1... e6 {[%clk 1:30:46]} 2. d4 {[%clk 1:31:16]} 2... d5
{[%clk 1:31:11]} 3. Nc3 {[%clk 1:31:34]} 3... Bb4 {[%clk 1:29:34]} 4. e5 {
[%clk 1:31:40]} 4... Ne7 {[%clk 1:27:08]} 5. Bd2 {[%clk 1:27:09]} 5... b6 {
[%clk 1:27:08]} 6. Nb5 {[%clk 1:19:15]} 6... Bxd2+ {[%clk 1:25:11]} 7. Qxd2 {
[%clk 1:19:38]} 7... O-O {[%clk 1:17:26]} 8. f4 {[%clk 1:16:24]} 8... f6 {
[%clk 1:03:58]} 9. Nf3 {[%clk 1:15:36]} 9... fxe5 {[%clk 1:00:15]} 10. fxe5 {
[%clk 1:10:50]} 10... Nf5 {[%clk 0:56:28]} 11. Bd3 {[%clk 1:06:09]} 11... a6 {
[%clk 0:55:21]} 12. Na3 {[%clk 1:05:38]} 12... c5 {[%clk 0:55:33]} 13. c3 {
[%clk 1:05:24]} 13... Nc6 {[%clk 0:41:14]} 14. Nc2 {[%clk 0:48:41]} 14... Bd7 {
[%clk 0:32:22]} 15. O-O {[%clk 0:48:06]} 15... c4 {[%clk 0:22:41]} 16. Be2 {
[%clk 0:42:14]} 16... Qe7 {[%clk 0:17:03]} 17. Qe1 {[%clk 0:31:31]} 17... Be8 {
[%clk 0:12:41]} 18. g4 {[%clk 0:23:05]} 18... Nh6 {[%clk 0:13:02]} 19. Ne3 {
[%clk 0:23:19]} 19... Nf7 {[%clk 0:06:42]} 20. Qg3 {[%clk 0:20:28]} 20... Nh8 {
[%clk 0:04:59]} 21. Nh4 {[%clk 0:17:32]} 21... Bg6 {[%clk 0:01:12]} 22. Nhf5 {
[%clk 0:14:54]} 22... Qd7 {[%clk 0:00:35]} 23. Nd6 {[%clk 0:15:07]} 23... Nf7 {
[%clk 0:00:50]} 24. Nxf7 {[%clk 0:11:53]} 24... Rxf7 {[%clk 0:01:15]} 25. Rxf7
{[%clk 0:12:00]} 25... Qxf7 {[%clk 0:01:14]} 26. Rf1 {[%clk 0:11:52]} 26... Qe7
{[%clk 0:00:36]} 27. g5 {[%clk 0:08:14]} 27... Rf8 {[%clk 0:00:35]} 28. Bf3 {
[%clk 0:05:27]} 28... Qd7 {[%clk 0:00:36]} 29. h4 {[%clk 0:05:20]} 29... Ne7 {
[%clk 0:00:51]} 30. Bg4 {[%clk 0:01:41]} 30... Rxf1+ {[%clk 0:01:17]} 31. Kxf1
{[%clk 0:02:10]} 31... Nf5 {[%clk 0:00:34]} 32. Bxf5 {[%clk 0:02:00]} 32...
Bxf5 {[%clk 0:00:58]} 33. Nxf5 {[%clk 0:01:21]} 33... Qf7 {[%clk 0:00:52]} 34.
Qf3 {[%clk 0:00:55]} 34... Qxf5 {[%clk 0:01:10]} 35. Qxf5 {[%clk 0:01:05]}
35... exf5 {[%clk 0:01:36]} 36. Kf2 {[%clk 0:00:36]} 36... Kf7 {[%clk 0:01:57]}
37. Kf3 {[%clk 0:00:40]} 1/2-1/2

[Event "DEM U18 2018"]
[Site "Willingen GER"]
[Date "2018.05.21"]
[Round "3"]
[White "Nothnagel, Marian Can"]
[Black "Kololli, Martin"]
[Result "1/2-1/2"]
[Termination "normal"]
[Board "2"]
[WhiteElo "2317"]
[BlackElo "2336"]
[WhiteClock "00:15:49"]
[BlackClock "00:31:38"]
[PlyCount "48"]
[WhiteFideId "12921530"]
[BlackFideId "12936910"]
[EventCountry "GER"]
[EventRounds "9"]
[EventType "swiss"]
[EventDate "2018.05.19"]

1. e4 {[%clk 1:30:58]} 1... e5 {[%clk 1:30:55]} 2. Nf3 {[%clk 1:31:23]} 2...
Nc6 {[%clk 1:31:21]} 3. Bc4 {[%clk 1:31:43]} 3... Nf6 {[%clk 1:31:44]} 4. d3 {
[%clk 1:32:09]} 4... Be7 {[%clk 1:32:00]} 5. O-O {[%clk 1:32:24]} 5... O-O {
[%clk 1:32:20]} 6. Re1 {[%clk 1:32:35]} 6... d6 {[%clk 1:32:41]} 7. a4 { [%clk
1:32:57]} 7... a6 {[%clk 1:29:30]} 8. a5 {[%clk 1:31:15]} 8... b5 { [%clk
1:26:41]} 9. axb6 {[%clk 1:30:54]} 9... cxb6 {[%clk 1:27:07]} 10. Nc3 { [%clk
1:28:23]} 10... Bb7 {[%clk 1:25:06]} 11. Bg5 {[%clk 1:22:49]} 11... Nd7 { [%clk
1:22:43]} 12. Be3 {[%clk 1:19:45]} 12... b5 {[%clk 1:19:53]} 13. Bb3 { [%clk
1:14:59]} 13... Rc8 {[%clk 1:16:34]} 14. Nd5 {[%clk 1:11:12]} 14... Nc5 { [%clk
1:09:20]} 15. Ba2 {[%clk 1:09:24]} 15... Nb8 {[%clk 0:55:43]} 16. Bxc5 { [%clk
0:56:51]} 16... Rxc5 {[%clk 0:55:02]} 17. b4 {[%clk 0:56:47]} 17... Rc8 { [%clk
0:54:32]} 18. Nd2 {[%clk 0:46:00]} 18... Bg5 {[%clk 0:52:09]} 19. Nf1 { [%clk
0:40:00]} 19... Rc6 {[%clk 0:45:27]} 20. Bb3 {[%clk 0:37:47]} 20... Bc8 { [%clk
0:44:21]} 21. Ra2 {[%clk 0:34:55]} 21... Kh8 {[%clk 0:43:27]} 22. Ng3 { [%clk
0:27:51]} 22... g6 {[%clk 0:38:39]} 23. d4 {[%clk 0:21:56]} 23... Bh6 { [%clk
0:35:25]} 24. Qd3 {[%clk 0:15:49]} 24... Be6 {[%clk 0:31:38]} 1/2-1/2

[Event "DEM U18 2018"]
[Site "Willingen GER"]
[Date "2018.05.21"]
[Round "3"]
[White "Reuker, Jari"]
[Black "Rieß, Alexander"]
[Result "1-0"]
[Termination "normal"]
[Board "3"]
[BlackTitle "FM"]
[WhiteElo "2338"]
[BlackElo "2279"]
[WhiteClock "00:30:12"]
[BlackClock "00:13:45"]
[PlyCount "41"]
[WhiteFideId "12909300"]
[BlackFideId "12953326"]
[EventCountry "GER"]
[EventRounds "9"]
[EventType "swiss"]
[EventDate "2018.05.19"]

1. Nf3 {[%clk 1:30:55]} 1... Nf6 {[%clk 1:30:35]} 2. c4 {[%clk 1:31:18]} 2...
c5 {[%clk 1:25:48]} 3. Nc3 {[%clk 1:31:11]} 3... d5 {[%clk 1:24:50]} 4. cxd5 {
[%clk 1:31:35]} 4... Nxd5 {[%clk 1:25:16]} 5. e3 {[%clk 1:31:42]} 5... g6 {
[%clk 1:22:39]} 6. Qb3 {[%clk 1:29:00]} 6... Nb4 {[%clk 1:08:35]} 7. Bc4 {
[%clk 1:25:01]} 7... e6 {[%clk 1:07:00]} 8. O-O {[%clk 1:22:36]} 8... N8c6 {
[%clk 1:02:17]} 9. Ne4 {[%clk 1:04:13]} 9... Be7 {[%clk 0:58:55]} 10. a3 {
[%clk 0:59:52]} 10... Nd5 {[%clk 0:56:11]} 11. d4 {[%clk 0:47:17]} 11... cxd4 {
[%clk 0:53:45]} 12. exd4 {[%clk 0:47:26]} 12... O-O {[%clk 0:49:47]} 13. Bh6 {
[%clk 0:46:28]} 13... Re8 {[%clk 0:48:53]} 14. Qd3 {[%clk 0:45:39]} 14... Nf6 {
[%clk 0:43:03]} 15. Rad1 {[%clk 0:41:24]} 15... Nxe4 {[%clk 0:35:49]} 16. Qxe4
{[%clk 0:41:47]} 16... Bf6 {[%clk 0:31:27]} 17. Ne5 {[%clk 0:39:32]} 17... Na5
{[%clk 0:25:04]} 18. Bb5 {[%clk 0:38:21]} 18... Re7 {[%clk 0:22:32]} 19. Ng4 {
[%clk 0:32:52]} 19... Bg7 {[%clk 0:15:41]} 20. Bxg7 {[%clk 0:31:00]} 20... f5 {
[%clk 0:13:45]} 21. Nh6+ {[%clk 0:30:12]} 1-0